Organization Theory / A Strategic Approach (Record no. 965)
[ view plain ]
| 000 -LEADER | |
|---|---|
| fixed length control field | 02281cam a22002294a 4500 |
| 005 - ΗΜΕΡΟΜΗΝΙΑ ΚΑΙ ΩΡΑ ΤΕΛΕΥΤΑΙΑΣ ΕΝΗΜΕΡΩΣΗΣ | |
| Πεδίο ελέγχου | 20250605163951.0 |
| 008 - FIXED-LENGTH DATA ELEMENTS--GENERAL INFORMATION | |
| Πεδίο ελέγχου σταθερού μήκους | 250528s ||||||||||||||||||||||||d |
| 035 ## - SYSTEM CONTROL NUMBER | |
| System control number | 15380 |
| 020 ## - ISBN | |
| ISBN | 205129196 |
| 040 ## - ΠΗΓΗ ΚΑΤΑΛΟΓΟΓΡΑΦΗΣΗΣ | |
| Φορέας πρωτότυπης καταλογογράφησης | MC Athens Campus Library |
| Γλώσσα καταλογογράφησης | Ελληνικά, Μοντέρνα (1453-) |
| Modifying agency | MC Athens Campus Library |
| Κανόνες περιγραφικής καταλογογράφησης | AACR2 |
| 245 1# - ΤΙΤΛΟΣ ΚΑΙ ΔΗΛΩΣΗ ΥΠΕΥΘΥΝΟΤΗΤΑΣ | |
| Τίτλος | Organization Theory / A Strategic Approach |
| 250 ## - EDITION STATEMENT | |
| Edition statement | 4th |
| 260 ## - PUBLICATION, DISTRIBUTION, ETC. | |
| Name of publisher, distributor, etc. | Addison-Wesley Publishing Company, |
| Date of publication, distribution, etc. | 1991 |
| 300 ## - PHYSICAL DESCRIPTION | |
| Extent | 740 |
| 505 0# - FORMATTED CONTENTS NOTE | |
| Formatted contents note | Preface, Introduction, Organization theory and the Managers, Organizations as a Strategic Systems, Macro-Environmental Components, The Organization's Environmental Scanning and Linage Systems, Strategic Scanning and External Linkages, Information Processing and Organizational Choices, Interorganizational Relationships, The Organization's Internal Environment, Organizational Strategy: Coping with the External Environment, Organizational Effectiveness and Goals, Strategic Organization Design: An Overview of Structure and Process, Patterns of Strategic Organization Design, Organization Size and Complexity, The Role of Technology, Organizational Dynamics, Organizational Culture, Power and Authority and Politics in Organizations, Conflict in Organizations, Strategy Change and Organizational Renaissance, Integrative Cases, Glossary, Name and Subject Index. |
| 520 ## - SUMMARY, ETC. | |
| Summary, etc. | Preface, Introduction, Organization theory and the Managers, Organizations as a Strategic Systems, Macro-Environmental Components, The Organization's Environmental Scanning and Linage Systems, Strategic Scanning and External Linkages, Information Processing and Organizational Choices, Interorganizational Relationships, The Organization's Internal Environment, Organizational Strategy: Coping with the External Environment, Organizational Effectiveness and Goals, Strategic Organization Design: An Overview of Structure and Process, Patterns of Strategic Organization Design, Organization Size and Complexity, The Role of Technology, Organizational Dynamics, Organizational Culture, Power and Authority and Politics in Organizations, Conflict in Organizations, Strategy Change and Organizational Renaissance, Integrative Cases, Glossary, Name and Subject Index. |
| 700 1# - ΠΡΟΣΘΕΤΗ ΑΝΑΓΡΑΦΗ--ΦΥΣΙΚΟ ΠΡΟΣΩΠΟ | |
| Personal name | Anthony P. William |
| 9 (RLIN) | 1286 |
| 700 1# - ΠΡΟΣΘΕΤΗ ΑΝΑΓΡΑΦΗ--ΦΥΣΙΚΟ ΠΡΟΣΩΠΟ | |
| Personal name | Hodge J. B |
| 9 (RLIN) | 1287 |
| 942 ## - ADDED ENTRY ELEMENTS (KOHA) | |
| Koha item type | Books |
| Τύπος τεκμηρίου | Βιβλιοθήκη | Τρέχουσα τοποθεσία | Barcode | Αριθμός εισαγωγής | Ημερομηνία απόκτησης | Ταξιθετικό σύμβολο | Αριθμός αντιτύπου | Κατάσταση απόσυρσης | Κατάσταση χαμένου | Κατάσταση κατεστραμμένου | Μη δανεισμός | Σύνολο δανεισμών | Ημερομηνία τελευταίας εμφάνισης | Η τιμή ισχύει από |
|---|---|---|---|---|---|---|---|---|---|---|---|---|---|---|
| Books | MC Athens Campus Library | MC Athens Campus Library | 9780000009647 | 1634 | 05/06/2025 | 658.4 HOD | 1 | 05/06/2025 | 05/06/2025 |